000 01008nam a2200289Ia 4500
005 20220317001201.0
008 160825s2004 ck g 000 0 spa
020 _a958420906X
100 1 _aGossaín, Juan
_d1949-
245 1 3 _aLa balada de María Abdala
_cJuan Gossaín
250 _a6a. edición
300 _a205 páginas
_c21 cm
490 _aBiblioteca breve
505 _aLa muerte -- El fantasma -- El origen -- El incendio -- La santa -- Los cangrejos -- El verano -- El padre -- El final
650 1 4 _2LEMB
_aNovela colombiana
_ySiglo XX
650 1 4 _2LEMB
_aLiteratura colombiana
_ySiglo XX
650 1 4 _2LEMB
_aInmigrantes en la literatura
650 1 4 _2LEMB
_aFamilia en la literatura
650 1 4 _2LEMB
_aAmor en la literatura
942 _2loc
_cBKLIT
264 _aBogotá
_bSeix Barral
_c2004
336 _atexto
_btxt
_2rdacontent
337 _asin mediación
_bn
_2rdamedia
338 _avolumen
_bnc
_2rdacarrier
040 _aCO-BoRNBP
_bspa
_erda
_cCO-BoRNBP
084 _aN GOS2
999 _c6176
_d6176